000
00316nam a22001457a 4500
008
210604b ||||| |||| 00| 0 eng d
020
_a
0907486959
041
_a
eng
080
_2
2nd
_a
038
082
_a
038
100
_a
23
101
_a
FJA
245
_a
Dictionary of Quotations
_c
Peter Opie
942
_2
udc
_c
BK
999
_c
57977
_d
57977